Sun Tzu's art of war
| Other Authors: | |
|---|---|
| Format: | Book |
| Published: |
Petaling Jaya :
Pelanduk Publications (M) Sdn.Bhd. ,
1995
|
| Subjects: |
MARC
| LEADER | 00000cam a2200000 7i4500 | ||
|---|---|---|---|
| 001 | 0000006557 | ||
| 002 | 000007072 | ||
| 005 | 20010116.0 | ||
| 020 | |a 9679784045 | ||
| 090 | 0 | 0 | |a 355.02 |b SUN |
| 245 | 0 | 0 | |a Sun Tzu's art of war |c edited by Khoo Kheng-Hor ; translated by Hwang Chung-Mei |
| 260 | |a Petaling Jaya : |b Pelanduk Publications (M) Sdn.Bhd. , |c 1995 | ||
| 300 | |a 54p. ; |c 21cm. | ||
| 650 | 0 | 0 | |a Military art and sciences |x Early works to 1800 |
| 650 | 0 | 0 | |a Sun Tzu |
| 700 | 0 | |a Khoo Kheng-Hor | |
| 999 | |a 085177 |b BUKU |c PINJAMAN |e PERPUSTAKAAN KOMUNITI PETALING JAYA | ||